Vật lý hiện đại T.1 Những vấn đề thời sự từ Bigbounce đến vũ trụ toàn cảnh

Trình bày những vấn đề của vật lí hiện đại: Hấp dẫn và vũ trụ; lượng tử và các hạt cơ bản; lý thuyết và quan điểm về thống nhất hấp dẫn và lượng tử; đối xứng và phá vỡ đối xứng

Na minha lista:
Detalhes bibliográficos
Autor principal: Cao Chi
Formato: Livro
Idioma:Vietnamese
Publicado em: H. Tri thức 2016
Assuntos:
Tags: Adicionar Tag
Sem tags, seja o primeiro a adicionar uma tag!
Thư viện lưu trữ: Mạng thư viện Đại học Đà Nẵng
LEADER 01709aam a22003858a 4500
001 000023935
003 20388
005 20160825090824.0
008 160506s2016 viesd
020 |a 9786049081149  |d 1000b 
041 0 |a vie 
082 0 4 |2 23  |a 539  |b CA-C 
100 1 |a Cao Chi 
245 1 0 |a Vật lý hiện đại  |c Cao Chi  |n T.1  |p Những vấn đề thời sự từ Bigbounce đến vũ trụ toàn cảnh 
246 |a Vật lí hiện đại 
260 |a H.  |b Tri thức  |c 2016 
300 |a 414 tr.  |b minh hoạ  |c 24 cm. 
504 |a Tài liệu tham khảo cuối mỗi chương. 
520 |a Trình bày những vấn đề của vật lí hiện đại: Hấp dẫn và vũ trụ; lượng tử và các hạt cơ bản; lý thuyết và quan điểm về thống nhất hấp dẫn và lượng tử; đối xứng và phá vỡ đối xứng 
650 0 4 |2 Bộ TK TVQG  |a Vật lý hiện đại  |x Nghiên cứu 
653 |a Vật lí hiện đại 
653 |a Vũ trụ 
653 |a Bigbounce 
773 |a Cao Chi  |d Tri thức  |d H.  |d 2016  |t Vật lý hiện đại  |w 694267 
773 |d Tp.HCM  |d 2016  |d Tri thức  |t Vật lý hiện đại - Những vấn đề thời sự từ Bigbounce đến vũ trụ toàn ảnh  |w 20387 
OWN |a LSP 
AVA |a UDN50  |b LSP  |d 539 CA-C  |e available  |t Error 5001 Not defined in file expand_doc_bib_avail.  |f 5  |g 0  |h N  |i 1  |k 1 
999 |a From the UDN01 
AVA |a UDN50  |b LSP  |d 539 CA-C  |e available  |t Error 5001 Not defined in file expand_doc_bib_avail.  |f 5  |g 0  |h N  |i 1  |k 1 
TYP |a Monograph 
TYP |a Printed language 
980 |a Mạng thư viện Đại học Đà Nẵng